Logo BPK

Bibliografia Prac Pracowników

Politechniki Koszalińskiej

Effect of burnishing surfaces of regular triangle-in-section unevenesses on the corrosion resistance / (Rekord nr 1157)

Szczegóły MARC
000 -ETYKIETA REKORDU
podpole kontrolne o stałej długości 01077naa a2200229 i 4500
001 - NUMER KONTROLNY REKORDU
podpole kontrolne BPP
003 - IDENTYFIKATOR NUMERU KONTROLNEGO REKORDU
podpole kontrolne BPK
005 - DATA OSTATNIEJ MODYFIKACJI REKORDU
podpole kontrolne 20180426133536.0
008 - POLE O STAŁEJ DŁUGOŚCI - DANE KONTROLNE
podpole kontrolne o stałej długości 150602s2006 CZE f |100 0 eng
040 ## - ŹRÓDŁO KATALOGOWANIA
Instytucja, która utworzyła rekord BPK
041 ## - KOD JĘZYKA
Kod języka tekstu eng
044 ## - KOD KRAJU WYDAWCY/PRODUCENTA
Kod kraju wydawcy/producenta CZE
100 ## - NAZWA OSOBOWA
Nazwa osobowa HRYNIEWICZ, Tadeusz.
Lata pracy 1996 - .
Instytucja Politechnika Koszalińska - Wydział Mechaniczny,
Wydział Katedra Elektrochemii i Technologii Powierzchni
245 ## - TYTUŁ/ODPOWIEDZIALNOŚĆ
Tytuł Effect of burnishing surfaces of regular triangle-in-section unevenesses on the corrosion resistance /
Pozostałe elementy strefy tytułu i oznaczenia odpowiedzialności Tadeusz Hryniewicz, Krzysztof Rokosz.
260 ## - STREFA ADRESU WYDAWNICZEGO
Data publikacji, dystrybucji/powstania dokumentu 2006.
500 ## - UWAGI OGÓLNE
Tekst uwagi Dane z bibliografii załącznikowej.
655 #0 - TERMIN INDEKSOWY - OKREŚLENIE RODZAJU/FORMY DOKUMENTU
Określnie rodzaju/formy dokumentu Materiały konferencyjne.
700 ## - HASŁO DODATKOWE - NAZWA OSOBOWA
Nazwa osobowa ROKOSZ, Krzysztof.
Lata pracy 2002 - .
Instytucja Politechnika Koszalińska - Wydział Mechaniczny,
Wydział Katedra Elektrochemii i Technologii Powierzchni
711 ## - HASŁO DODATKOWE - NAZWA IMPREZY
Nazwa imprezy International Metallurgical and Materials Conference METAL 2006
Oznaczenie części/sekcji dzieła (15 ;
Data imprezy 2006 ;
Miejsce imprezy Hradec, Czechy).
Nazwa części/sekcji dzieła METAL 2006
773 ## - TYTUŁ DOKUMENTU MACIERZYSTEGO
Wyrażenie wprowadzające W :
Tytuł Proc. of the 15th International Metallurgical & Materials Conference METAL. -
Informacje dotyczące relacji 2006, s. 66
942 ## - HASŁO DODATKOWE - ELEMENTY(KOHA)
Typ dokumentu Artykuł
Schemat klasyfikacji Uniwersalna klasyfikacja dziesiętna

Brak dostępnych egzemplarzy.

© 2014 Biblioteka Politechniki Koszalińskiej :: BIBLIOGRAFIA PRAC PRACOWNIKÓW